Ancient History by Letter 'G' - Statistics

General Stats
  • This quiz has been taken 1,638 times
  • The average score is 13 of 16
Answer Stats
Hint Answer % Correct
It's capital is Athens Greece
99%
Alexander, Ramesses, Cyrus and Xerxes all had this title The Great
98%
5000+ mile long Chinese structure built to keep out invaders Great Wall of China
96%
A scientist who studies rocks and minerals Geologist
93%
Third letter of the Greek alphabet, or the type of radiation the Hulk was exposed to Gamma
92%
What did the Romans call modern day France? Gaul
92%
First book of the Old Testament, where God created man Genesis
92%
Latin for swordsman, these soldiers fought in the Colosseum Gladiator
92%
In the book of Samuel; David slew this 9 foot giant Goliath
92%
Adam and Eve were said to have lived here Garden of Eden
84%
The only ancient wonder of the world still standing. Great Pyramid of Giza
84%
Common Latin name, and birth name of Julius Caesar Gaius
77%
Jason and the Argonauts were in search of this Golden Fleece
71%
These mythological Greek creatures could turn you to stone a glance Gorgon
71%
Impossible knot cut by Alexander the Great Gordian Knot
67%
Sumerian king of Uruk, this demigod could not escape death Gilgamesh
39%
No matching quizzes found
Score Distribution
Percent of People with Each Score
Percentile by Number Answered
Your Score History
You have not taken this quiz